[Event "Hamburg CC Easter op 4th"]
[Site "Hamburg"]
[Date "2018.04.01"]
[Round "6"]
[White "Ornebjerg, Henrik"]
[Black "Krueger, Dietrich"]
[Result "1-0"]
[WhiteElo "1629"]
[BlackElo "1262"]
[PlyCount "87"]
[EventDate "2018.03.30"]
[EventType "swiss"]
[EventRounds "7"]
[EventCountry "GER"]
[SourceTitle "CBM 183 Extra"]
[Source "ChessBase"]
[SourceDate "2018.04.19"]
[SourceVersion "1"]
[SourceVersionDate "2018.04.19"]
[SourceQuality "1"]

1. e4 Nc6 2. Nf3 e5 3. Bb5 d6 4. c3 Bd7 5. Ba4 Nf6 6. d3 Bg4 7. Nbd2 d5 8. h3 Bh5 9. g4 Bg6 10. Nxe5 Qd6 11. Nxg6 hxg6 12. Bxc6+ Qxc6 13. e5 Nd7 14. d4 0-0-0 15. Nb3 f6 16. f4 Qb6 17. Be3 c5 18. Qc2 f5 19. 0-0-0 a5 20. gxf5 a4 21. dxc5 axb3 22. axb3 Bxc5 23. Bd4 Kb8 24. fxg6 Rhf8 25. Rhf1 Rh8 26. Rf3 Bxd4 27. Rxd4 Nc5 28. Rb4 Qc6 29. Kb1 Rc8 30. f5 d4 31. Qf2 dxc3 32. Rxc3 Qh1+ 33. Ka2 Ne4 34. Rxc8+ Rxc8 35. Qb6 Nc5 36. Qd6+ Rc7 37. e6 Qc6 38. Qd8+ Rc8 39. e7 Qe8 40. Rd4 Na6 41. Qxe8 Rxe8 42. Rd8+ Ka7 43. Rxe8 Nc7 44. Rc8 1-0

[Event "Schweinfurt op 26th"]
[Site "Schweinfurt"]
[Date "2016.05.28"]
[Round "4"]
[White "Ornebjerg, Henrik"]
[Black "Maar, Felicitas"]
[Result "1-0"]
[WhiteElo "1666"]
[BlackElo "1497"]
[PlyCount "39"]
[EventDate "2016.05.26"]
[EventType "swiss"]
[EventRounds "7"]
[EventCountry "GER"]
[SourceTitle "CBM 172 Extra"]
[Source "ChessBase"]
[SourceDate "2016.06.21"]
[SourceVersion "1"]
[SourceVersionDate "2016.06.21"]
[SourceQuality "1"]

1. e4 e5 2. Nf3 Nc6 3. Bb5 Bc5 4. c3 a6 5. Ba4 d6 6. h3 h6 7. d4 Ba7 8. Be3 b5 9. Bc2 Nf6 10. 0-0 0-0 11. Re1 Re8 12. Nbd2 Bb7 13. Nf1 Ne7 14. Ng3 Ng6 15. Qd2 Qd7 16. Bxh6 gxh6 17. Qxh6 Ng4 18. hxg4 Qxg4 19. Nh5 Ne7 20. Nf6# 1-0

[Event "Odysseus Autumn B"]
[Site "Soborg"]
[Date "2003.09.25"]
[Round "3"]
[White "Ornebjerg, Henrik"]
[Black "Pedersen, Benny"]
[Result "1/2-1/2"]
[WhiteElo "1673"]
[BlackElo "1833"]
[PlyCount "94"]
[EventDate "2003.09.11"]
[EventType "tourn"]
[EventRounds "5"]
[EventCountry "DEN"]
[SourceTitle "EXT 2023"]
[Source "ChessBase"]
[SourceDate "2022.10.05"]
[SourceVersion "1"]
[SourceVersionDate "2022.10.05"]
[SourceQuality "1"]

1. e4 c5 2. Nf3 d6 3. d4 cxd4 4. Nxd4 Nf6 5. Nc3 a6 6. Be2 e6 7. Be3 Be7 8. f4 Qc7 9. Qd2 Nbd7 10. Bf3 0-0 11. 0-0 Nb6 12. b3 Bd7 13. a4 Rac8 14. Nde2 Bc6 15. Ng3 d5 16. a5 Nbd7 17. e5 Ne8 18. Nce2 Bc5 19. Nd4 b5 20. c3 Ba8 21. b4 Ba7 22. Rac1 g6 23. Nge2 Ng7 24. g4 f6 25. exf6 Rxf6 26. Kh1 Bb8 27. g5 Rf7 28. Bg2 Re8 29. Nf3 e5 30. fxe5 Nxe5 31. Nxe5 Qxe5 32. Bf4 Qxe2 33. Qxe2 Rxe2 34. Bxb8 Rxf1+ 35. Rxf1 Rc2 36. Bd6 Nf5 37. Bc5 Rxc3 38. Rd1 Ne3 39. Bxe3 Rxe3 40. Bxd5+ Bxd5+ 41. Rxd5 Rb3 42. Rd6 Rxb4 43. Rxa6 Ra4 44. Ra7 b4 45. a6 b3 46. Rb7 Rxa6 47. Rxb3 Ra5 1/2-1/2

[Event "Odysseus Autumn B"]
[Site "Soborg"]
[Date "2003.09.18"]
[Round "2"]
[White "Gjedde, Thomas"]
[Black "Ornebjerg, Henrik"]
[Result "1-0"]
[WhiteElo "1721"]
[BlackElo "1673"]
[PlyCount "80"]
[EventDate "2003.09.11"]
[EventType "tourn"]
[EventRounds "5"]
[EventCountry "DEN"]
[SourceTitle "EXT 2023"]
[Source "ChessBase"]
[SourceDate "2022.10.05"]
[SourceVersion "1"]
[SourceVersionDate "2022.10.05"]
[SourceQuality "1"]

1. e4 c5 2. Nf3 d6 3. d4 cxd4 4. Nxd4 Nf6 5. Nc3 a6 6. Be2 Nc6 7. Be3 Bd7 8. a4 e6 9. 0-0 Be7 10. f4 Qc7 11. Qe1 Rc8 12. Rd1 0-0 13. Qg3 Kh8 14. Qf2 Nb4 15. Rd2 e5 16. Nf5 Nxe4 17. Nxe4 Bxf5 18. Nc3 exf4 19. Qxf4 Nxc2 20. Nd5 Qd7 21. Qxf5 Qxf5 22. Rxf5 Nxe3 23. Nxe3 g6 24. Rfd5 f5 25. Nc4 Bg5 26. Rd1 b5 27. axb5 axb5 28. Nxd6 Rc2 29. Bxb5 Rxb2 30. Bc4 Be3+ 31. Kh1 Rfb8 32. Nf7+ Kg7 33. Ne5 Rc2 34. Bf1 f4 35. Rd7+ Kg8 36. Bc4+ Kf8 37. Rxh7 Rd2 38. Nd7+ Ke8 39. Bf7+ Kd8 40. Rxd2 Bxd2 1-0